España sagrada. (Record no. 174544)
[ view plain ]
| 000 -LEADER | |
|---|---|
| campo de control de longitud fija | 01169nam a2200253 4500 |
| 001 - NÚMERO DE CONTROL | |
| campo de control | 174544 |
| 003 - IDENTIFICADOR DE NÚMERO DE CONTROL | |
| campo de control | ES-MaACL |
| 005 - FECHA Y HORA DE LA ÚLTIMA TRANSACCIÓN | |
| campo de control | 20250709063226.0 |
| 008 - DATOS DE LONGITUD FIJA--INFORMACIÓN GENERAL | |
| campo de control de longitud fija | 100505s1753 sp p |||| | spa d |
| 080 ## - NÚMERO DE LA CLASIFICACIÓN DECIMAL UNIVERSAL | |
| Número de la Clasificación Decimal Universal | 013(460.351)"08" |
| 080 ## - NÚMERO DE LA CLASIFICACIÓN DECIMAL UNIVERSAL | |
| Número de la Clasificación Decimal Universal | 929(460.351)"08" |
| 080 ## - NÚMERO DE LA CLASIFICACIÓN DECIMAL UNIVERSAL | |
| Número de la Clasificación Decimal Universal | 016:2 |
| 100 1# - ENTRADA PRINCIPAL--NOMBRE DE PERSONA | |
| Nombre de persona | Flórez, Enrique, |
| Fechas asociadas al nombre | 1702-1773 |
| 9 (RLIN) | 142679 |
| 240 10 - TÍTULO UNIFORME | |
| Título uniforme | España sagrada |
| 245 10 - MENCIÓN DEL TÍTULO | |
| Título | España sagrada. |
| Número de parte o sección de la obra | Tomo XI, |
| Nombre de parte o sección de la obra | Las vidas y escritos ... de algunos varones ilustres cordobeses del siglo nono |
| Resto del título | : theatro geographico-historico de la Iglesia de España : origen, divisiones, y limites de todas sus Provincias : antiguedad, traslaciones, y estado antiguo y presente de sus Sillas, con varias Dissertaciones criticas / |
| Mención de responsabilidad, etc. | por Henrique Florez. |
| 260 ## - PUBLICACIÓN, DISTRIBUCIÓN, ETC. | |
| Lugar de publicación, distribución, etc. | Madrid : en la oficina de Antonio Marin, |
| Fecha de publicación, distribución, etc. | 1753. |
| 300 ## - DESCRIPCIÓN FÍSICA | |
| Extensión | [16], 532 p., [1] h. de lám. ; |
| Dimensiones | 20 cm. |
| 500 ## - NOTA GENERAL | |
| Nota general | En p. 527 nota manuscrita. |
| 500 ## - NOTA GENERAL | |
| Nota general | Contraportada papel pegado sobre un sello. |
| 650 #4 - PUNTO DE ACCESO ADICIONAL DE MATERIA--TÉRMINO DE MATERIA | |
| Término de materia o nombre geográfico como elemento de entrada | Escritores españoles- |
| Subdivisión geográfica | Córdoba- |
| Subdivisión de forma | Bibliografías. |
| 9 (RLIN) | 142702 |
| 650 #4 - PUNTO DE ACCESO ADICIONAL DE MATERIA--TÉRMINO DE MATERIA | |
| Término de materia o nombre geográfico como elemento de entrada | Religión- |
| Subdivisión de forma | Bibliografías. |
| 9 (RLIN) | 142703 |
| 852 4# - LOCALIZACIÓN | |
| Ubicación | ES-MaACL |
| Número de control de estantería | R-1617-69 |
| Encuadernación | C-16767-818 |
| Estatus retirado | Estado de pérdida | Estado de daño | No para préstamo | Colección | Biblioteca de origen | Biblioteca actual | Ubicación en estantería | Fecha de adquisición | Fuente de adquisición | Total de préstamos | Signatura topográfica completa | Código de barras | Visto por última vez | Precio de reemplazo | Tipo de ítem Koha |
|---|---|---|---|---|---|---|---|---|---|---|---|---|---|---|---|
| Libros del s. XVIII | Biblioteca del Ateneo de Madrid | Biblioteca del Ateneo de Madrid | Depósito | 05/05/2010 | R-1627 | 1183231 | 23/02/2023 | 23/02/2023 | Libro impreso antiguo |
